Vplyv corporatie governance na priame zahraničné investície

Zodpovedné uplatňovanie princípov corporate governance je vhodným nástrojom na obmedzenie škodlivého, krátkodobého a nadmerného riskovania a v súčasnosti aj jedným z kľúčových prvkov k obnove dôvery na finančných trhoch, podpore investícií a rastu vyspelých ekonomík sveta.

Salvato in:
Dettagli Bibliografici
Autore principale: Debnárová, Lenka
Natura: Capitolo di libro
Lingua:slovacco
Soggetti:
Tags: Aggiungi Tag
Nessun Tag, puoi essere il primo ad aggiungerne!!

MARC

LEADER 00000nla a2200000 4500
001 0178230
005 20221020082741.3
041 0 |a slo 
044 |a SK 
245 1 0 |a Vplyv corporatie governance na priame zahraničné investície  |c Lenka Debnárová 
520 |a Zodpovedné uplatňovanie princípov corporate governance je vhodným nástrojom na obmedzenie škodlivého, krátkodobého a nadmerného riskovania a v súčasnosti aj jedným z kľúčových prvkov k obnove dôvery na finančných trhoch, podpore investícií a rastu vyspelých ekonomík sveta. 
610 2 0 |a správa podniku 
610 2 0 |a správa spoločnosti 
610 2 0 |a kontrola riadenia 
610 2 0 |a investície priame zahraničné 
610 2 0 |a transparentnosť 
100 1 |a Debnárová, Lenka